Third national development plan: annual plan, 1980 (Record no. 81303)
[ view plain ]
| 000 -LEADER | |
|---|---|
| fixed length control field | 00885nam a2200169 a 4500 |
| 008 - FIXED-LENGTH DATA ELEMENTS--GENERAL INFORMATION | |
| fixed length control field | 090108s1980 ||||||||||||||||| || u |
| 050 ## - LIBRARY OF CONGRESS CALL NUMBER | |
| Classification number | GOV.ZAM(058)TNDP/1980 |
| 110 ## - MAIN ENTRY--CORPORATE NAME | |
| Corporate name or jurisdiction name as entry element | Government of the Republic of Zambia. National Commission for Development Planning (NCDP) |
| 245 10 - TITLE STATEMENT | |
| Title | Third national development plan: annual plan, 1980 |
| Statement of responsibility, etc. | By The National Commission for Development Planning |
| 260 ## - PUBLICATION, DISTRIBUTION, ETC. | |
| Place of publication, distribution, etc. | Lusaka: |
| Name of publisher, distributor, etc. | NCDP |
| Date of publication, distribution, etc. | 1980 |
| 300 ## - PHYSICAL DESCRIPTION | |
| Extent | 194p.: ill. |
| 350 ## - | |
| -- | 0.00 |
| 650 ## - SUBJECT ADDED ENTRY--TOPICAL TERM | |
| Topical term or geographic name entry element | ECONOMIC DEVELOPMENT PLAN--ZAMBIA |
| 650 #0 - SUBJECT ADDED ENTRY--TOPICAL TERM | |
| Topical term or geographic name entry element | AFRICA--ECONOMIC CONDITIONS |
| 995 ## - | |
| -- | SPECIAL COLLECTIONS |
| -- | 0.00 |
| -- | 03004337 |
| -- | CBU-MAIN LIBRARY (Kitwe) |
| -- | 1 |
| -- | 0.00 |
| -- | GOV.ZAM(058)TNDP/1982 |
| -- | 2 |
| -- | DAMAGED |
| -- | Jul 8, 2009 |
| -- | 03004337 |
| -- | Zambiana Collection |
| 995 ## - | |
| -- | SPECIAL COLLECTIONS |
| -- | 0.00 |
| -- | 03004334 |
| -- | CBU-MAIN LIBRARY (Kitwe) |
| -- | 1 |
| -- | 0.00 |
| -- | GOV.ZAM(058)TNDP/1980 |
| -- | 1 |
| -- | AVAILABLE |
| -- | Jul 8, 2009 |
| -- | 03004334 |
| -- | Zambiana Collection |
| 999 ## - | |
| -- | 81303 |
| -- | 81303 |
| Withdrawn status | Lost status | Source of classification or shelving scheme | Damaged status | Not for loan | Permanent Location | Current Location | Shelving location | Date acquired | Total Checkouts | Full call number | Barcode | Date last seen | Copy number | Price effective from | Koha item type |
|---|---|---|---|---|---|---|---|---|---|---|---|---|---|---|---|
| CBU-MAIN LIBRARY, KITWE. | CBU-MAIN LIBRARY, KITWE. | 08/18/2023 | GOV.ZAM(058)TNDP/1982 | 03004337 | 08/18/2023 | 1 | 08/18/2023 | SPECIAL COLLECTION | |||||||
| CBU-MAIN LIBRARY, KITWE. | CBU-MAIN LIBRARY, KITWE. | 08/18/2023 | GOV.ZAM(058)TNDP/1980 | 03004334 | 08/18/2023 | 2 | 08/18/2023 | SPECIAL COLLECTION |